000 00358nam a2200145Ia 4500
008 220204s9999 xx 000 0 und d
082 _a678.06:685.3
_bTHOL;1
245 0 _aText book of footwear manufacture
250 _aEd.3
260 _aLondon
_bHeywood
_c1970
650 _aFootwear manufacture
650 _aShoe design
700 _aJ H
942 _cBK
999 _c22550
_d22550